Movie Quiz! #3 - Statistics

General Stats
  • This quiz has been taken 46 times
  • The average score is 17 of 20
Answer Stats
Picture Answer % Correct
Dumbo
100%
Ghostbusters
100%
Peter Pan
100%
Pinocchio
100%
Wonder Woman
100%
Bambi
98%
Cinderella
98%
King Kong
98%
The Jungle Book
95%
Dracula
88%
Lady & The Tramp
88%
Rocky
88%
Willy Wonka
88%
Mary Poppins
85%
Saving Private Ryan
83%
The Godfather
83%
Psycho
73%
101 Dalmations
58%
2001: A Space Odyssey
45%
West Side Story
45%
No matching quizzes found
Score Distribution
Percent of People with Each Score
Percentile by Number Answered
Your Score History
You have not taken this quiz